000 00293nam a2200133Ia 4500
100 _aRobines Judd
942 _cBK
654 _aComputer
245 _aLotus 1-2-3- Release 2.3 & 2.4 for Dos
260 _bBPB
_aNew Delhi
_c1992
082 _a005.13 'C'
546 _aENGLISH
999 _c22638
_d22638